000 00676nam a2200241Ia 4500
005 20240420130526.0
008 131103s9999 xx 000 0 und d
020 _cRs.13.45
040 _aLoreto College
041 _aEnglish
082 _a370.15
_bSTE
100 _aStephens, J.M.
245 _aDevelopment and Classroom Learning
_b
_cJ.M.Stephens and E.D.Evans
250 _aan introduction to educational psychology
260 _aDelhi
_bThe Macmillan
_c1977
300 _axi,692p.
_b ill.,fig.
504 _aIncludes appendix and index
650 _aPsychology
651 _aEducational Psychology
700 _aEvans,E.D
850 _aLCBED
942 _cBK
999 _c26978
_d77457